Historia de la guerra del Peloponeso
-д хадгалсан:
| Үндсэн зохиолч: | |
|---|---|
| Формат: | Ном |
| Хэл сонгох: | испани |
| Хэвлэсэн: |
Barcelona, España
Juventud
1975
|
| Цуврал: | Colección Libro de Bolsillo Z,
201 |
| Нөхцлүүд: | |
| Шошгууд: |
Шошго нэмэх
Шошго байхгүй, Энэхүү баримтыг шошголох эхний хүн болох!
|
MARC
| LEADER | 00000nam a2200000 a 4500 | ||
|---|---|---|---|
| 001 | UCX2594 | ||
| 003 | CL-VaPUC | ||
| 005 | 20200327173048.0 | ||
| 008 | 910627e19750000SP |||||||||||||||||spa|d | ||
| 999 | |c 223585 |d 223583 | ||
| 020 | |a 8426156002 | ||
| 040 | |c Pontificia Universidad Católica de Valparaíso | ||
| 082 | 0 | 4 | |a 938.05 TUC 1975 |2 21 |
| 100 | 0 | |a Tucídides |e author |9 318593 | |
| 245 | 1 | 0 | |a Historia de la guerra del Peloponeso |
| 260 | |a Barcelona, España |b Juventud |c 1975 | ||
| 300 | |a 671 páginas | ||
| 490 | 0 | |a Colección Libro de Bolsillo Z, |v 201 | |
| 583 | |a last modification |c 19910627 00:00:00 |k Rodrigo Vera | ||
| 650 | 7 | |a HISTORIA GUERRA DEL PELOPONESO 431-404 A.C |2 CL-VaPUC |9 318594 |z GRECIA | |
| 942 | |c BK |2 ddc | ||
| 945 | |d 19910627 00:00:00 | ||
| 952 | |0 0 |1 0 |2 ddc |4 0 |6 938_050000000000000_TUC_1975 |7 0 |8 R |9 219538 |a BIBHIS |b BIBHIS |d 2019-11-15 |i 288237K |l 2 |o 938.05 TUC 1975 |p 288237K |r 2024-01-30 |s 2023-08-29 |t 1 |w 2019-11-15 |y BK_R |k HIS | ||
| 952 | |0 0 |1 0 |2 ddc |4 0 |6 938_050000000000000_TUC_1975 |7 0 |8 R |9 219539 |a BIBHIS |b BIBHIS |d 2019-11-15 |i 4604547 |l 6 |o 938.05 TUC 1975 |p 4604547 |r 2024-01-30 |s 2023-08-24 |t 2 |w 2019-11-15 |y BK_R |k HIS | ||